| 000 | 00758nam a2200241 u 4500 | ||
|---|---|---|---|
| 001 | 000046599 | ||
| 005 | 20240226141827.0 | ||
| 008 | 170124s1986 sp a r 000 0 spa d | ||
| 020 | _a8476347553 | ||
| 040 |
_aDO-SdBNP _bspa _cBNPHU |
||
| 082 |
_a843.8 _bV531ra |
||
| 100 | 1 |
_aVerne, Julio, _d1828-1905 _91073 |
|
| 240 | 1 | 0 |
_aLe rayon-vert. _lEspañol |
| 245 | 1 | 3 |
_aEl rayo verde / _cJulio Verne ; traducción, S. Nerval. |
| 260 |
_aBarcelona : _bEdiciones Orbis, _c1986. |
||
| 300 |
_a190 p. : _bil. ; _c20 cm. |
||
| 490 | 1 |
_aJulio Verne _v2 |
|
| 500 | _aTraducción de : Le rayon vert | ||
| 650 | 4 |
_aNovela juvenil francesa _974576 |
|
| 650 | 4 |
_aLiteratura juvenil francesa _974577 |
|
| 700 | 1 | 2 |
_aNerval, S. _etr. _974580 |
| 830 | 0 |
_aJulio Verne _v2 _974579 |
|
| 999 |
_c46088 _d46088 |
||